000 00833 a2200217 4500
999 _c7170
_d7170
008 090401t xxu||||| |||| 00| 0 eng d
010 _aB-284406
020 _a0143031090
_c395.00
020 _a9780143031093
_c395.00
035 _aB-284406, B-212723, B-212708
037 _bSuper
040 _adpl
_bEnglish
082 _a915.404
100 _aDalrymple, William
245 _aThe age of Kali:
_bIndian travels & encounters /
_cby William Dalrymple
260 _aNew Delhi
_bPenguin Books
_c2004
270 _a11 Community Centre, Panchsheel Park,
_bNew Delhi
_cDelhi
_e110017
300 _axvi, 385p.
_c20cm. (pbk)
942 _adpl
_cEN
_2ddc
_h915.404
_mDAL